Statistiques concernant Les noms d'équipes de la OHL

Cliquez ici pour prendre le quiz!

Statistiques générales

  • Ce quiz a été pris 2 fois
  • Le résultat moyen est 14 sur 20

Statistiques - réponses

RéponseHint% Correct
67'sOttawa
100%
BulldogsHamilton
100%
ColtsBarrie
100%
GeneralsOshawa
100%
KnightsLondon
100%
OttersÉrié
100%
PetesPeterborough
100%
RangersKitchener
100%
StormGuelph
100%
AttackOwen Sound
50%
BattalionNorth Bay
50%
FrontenacsKingston
50%
GreyhoundsSault-Sainte-Marie
50%
IceDogsNiagara
50%
SpiritSaginaw
50%
SpitfiresWindsor
50%
StingSarnia
50%
WolvesSudbury
50%
FirebirdsFlint
0%
SteelheadsMississauga
0%

Distribution des résultats

Percentile par nombre de réponses

% des personnes avec chaque résultat

Votre développement - résultats

Vous n’avez pas pris ce quiz